000
00239nam a22001097a 4500
082
_a
823/KAU
100
_a
Kaul,Manav
_9
83674
245
_a
She & Hers
260
_a
Haryana
_b
Penguin Random House India
_c
2025
650
_a
Novel
942
_c
BK
999
_c
68619
_d
68619